Revalúo contable y aumento de capital en las Sociedades Anónimas (Registro nro. 27715)

Detalles MARC
000 -LEADER
fixed length control field 00355 a2200109 4500
001 - CONTROL NUMBER
control field ART_19229
005 - DATE AND TIME OF LATEST TRANSACTION
control field 20260410161921.0
008 - FIXED-LENGTH DATA ELEMENTS--GENERAL INFORMATION
fixed length control field 260409a
100 1# - MAIN ENTRY--PERSONAL NAME
Personal name Escuti, Ignacio A. (h)
245 10 - TITLE STATEMENT
Title Revalúo contable y aumento de capital en las Sociedades Anónimas
773 0# - HOST ITEM ENTRY
Title La información
Related parts - Tomo XL, Nº 595 (jul. 1979)
Record control number REV14902

No hay ítems disponibles.